[Event "Mondiale Lampo FIDE 2017"]
[Site "Riyadh"]
[Date "29.12.2017"]
[Round "10.33"]
[White "Fressinet, Laurent"]
[Black "Bu, Xiangzhi"]
[Result "1-0"]
[WhiteTitle "GM"]
[BlackTitle "GM"]
[WhiteElo "2662"]
[BlackElo "2730"]
[WhiteFideId "608742"]
[BlackFideId "8601445"]
[EventDate "2017.12.29"]

1. e4 e5 2. Bc4 Nf6 3. d3 Nc6 4. Nf3 Be7 5. O-O O-O 6. Nc3 d6 7. a3 Bg4 8. Be3
Nd4 9. Bxd4 exd4 10. Nd5 Nxd5 11. Bxd5 c6 12. Bb3 Kh8 13. h3 Bh5 14. Re1 Bf6 15.
g4 Bg6 16. Kg2 a5 17. a4 h6 18. Qd2 Be5 19. Nxe5 dxe5 20. f4 exf4 21. Qxf4 f6
22. Re2 Qe7 23. Rf1 Rae8 24. Qg3 Qe5 25. Qxe5 Rxe5 26. Ref2 Rb8 27. Ra1 Bh7 28.
Kg3 Bg8 29. Bxg8 Kxg8 30. Rf5 Kf7 31. h4 b5 32. axb5 Rbxb5 33. b3 Rbc5 34. Ra2
g6 35. Rxe5 fxe5 36. Kf2 Rb5 37. Ra1 Rc5 38. Ra2 Ke6 39. Ke2 Rb5 40. Ra1 Rb8 41.
Rxa5 Rf8 42. Ra7 Rf4 43. Rh7 Rxg4 44. Rxh6 Rg2+ 45. Kd1 Kd7 46. h5 gxh5 47. Rxh5
Kd6 48. Rh6+ Kd7 49. Kc1 Rg1+ 50. Kb2 c5 51. b4 cxb4 52. Rb6 Rg2 53. Kb3 Rg1 54.
Rxb4 Rb1+ 55. Kc4 Rc1 56. Kd5 Rxc2 57. Kxe5 Ra2 58. Rxd4+ Ke7 59. Rb4 Ra5+ 60.
Kf4 Ra1 61. d4 Kd6 62. Rb6+ Kc7 63. Rg6 Re1 64. Ke5 Rh1 65. d5 Rh5+ 66. Kd4 Kd7
67. Rg7+ Kd6 68. e5+ 1-0

[Event "Mondiale Lampo FIDE 2017"]
[Site "Riyadh"]
[Date "29.12.2017"]
[Round "10.35"]
[White "Bosiocic, Marin"]
[Black "Pantsulaia, Levan"]
[Result "1-0"]
[WhiteTitle "GM"]
[BlackTitle "GM"]
[WhiteElo "2624"]
[BlackElo "2612"]
[WhiteFideId "14507927"]
[BlackFideId "13602071"]
[EventDate "2017.12.29"]

1. d4 Nf6 2. Bg5 e6 3. e4 h6 4. Bxf6 Qxf6 5. c3 d6 6. Bd3 e5 7. Ne2 g6 8. O-O
Bg7 9. f4 Qe7 10. f5 Nd7 11. fxg6 fxg6 12. Nd2 Nf6 13. Qb3 c6 14. Nc4 b5 15. Ne3
Be6 16. d5 Bf7 17. Qc2 a6 18. dxc6 Qa7 19. Rf3 Ng4 20. Qc1 h5 21. h3 Nf6 22. Kh1
Qc5 23. Qf1 Ke7 24. b4 Qxc6 25. Qf2 Be6 26. Rf1 Raf8 27. a4 bxa4 28. Qg3 Rh6 29.
c4 a3 30. Qg5 a2 31. Nc3 Kd7 32. Nxa2 Nh7 33. Qg3 Rxf3 34. Rxf3 Qa4 35. Rf2 Bf6
36. Nd5 Bxd5 37. cxd5 Be7 38. Qe3 g5 39. Qa7+ Ke8 40. Bxa6 Qd1+ 41. Rf1 Qa4 42.
Qb8+ 1-0

[Event "Mondiale Lampo FIDE 2017"]
[Site "Riyadh"]
[Date "29.12.2017"]
[Round "10.36"]
[White "Rakhmanov, Aleksandr"]
[Black "Li, Chao b"]
[Result "0-1"]
[WhiteTitle "GM"]
[BlackTitle "GM"]
[WhiteElo "2653"]
[BlackElo "2732"]
[WhiteFideId "4173708"]
[BlackFideId "8604436"]
[EventDate "2017.12.29"]

1. d4 Nf6 2. c4 g6 3. Nc3 d5 4. e3 Bg7 5. cxd5 Nxd5 6. Nxd5 Qxd5 7. Ne2 O-O 8.
Nc3 Qd6 9. Be2 c6 10. O-O e5 11. dxe5 Qxe5 12. e4 Nd7 13. Be3 Nc5 14. Qc2 Re8
15. Rad1 Qe7 16. Rfe1 Be6 17. Bd4 Bxd4 18. Rxd4 Rad8 19. Red1 Rxd4 20. Rxd4 a5
21. b3 b5 22. Nb1 Rc8 23. Nd2 Na6 24. Nf3 c5 25. Rd1 c4 26. bxc4 Nb4 27. Qb1
bxc4 28. Nd4 c3 29. Rc1 Bxa2 30. Qa1 Qxe4 31. Rxc3 Rd8 32. Nc6 Nxc6 33. Qxa2
Rd1+ 34. Bf1 Qe1 35. Qc4 Ne5 36. Qb5 Qxc3 0-1

[Event "Mondiale Lampo FIDE 2017"]
[Site "Riyadh"]
[Date "29.12.2017"]
[Round "10.37"]
[White "Sethuraman, S.P."]
[Black "Eljanov, Pavel"]
[Result "0-1"]
[WhiteTitle "GM"]
[BlackTitle "GM"]
[WhiteElo "2646"]
[BlackElo "2711"]
[WhiteFideId "5021596"]
[BlackFideId "14102951"]
[EventDate "2017.12.29"]

1. e4 e5 2. Nf3 Nc6 3. Bc4 Bc5 4. d3 Nf6 5. c3 d6 6. a4 a5 7. Bg5 Ne7 8. Nbd2
Ng6 9. Nh4 Nxh4 10. Bxh4 h6 11. h3 Qe7 12. Nf1 Be6 13. Bb3 O-O-O 14. Bc2 d5 15.
Qe2 d4 16. Nd2 g5 17. Bg3 Nd7 18. O-O h5 19. Bb3 Rdg8 20. Bxe6 Qxe6 21. cxd4
Bxd4 22. Nf3 Bb6 23. b4 h4 24. bxa5 Ba7 25. Bh2 g4 26. a6 gxf3 27. axb7+ Kb8 28.
Qxf3 Rg6 29. a5 Rhg8 30. Kh1 Rxg2 31. Rg1 Rxg1+ 32. Rxg1 Rxg1+ 33. Bxg1 Kxb7 34.
Qh5 Qf6 35. Kg2 Nf8 36. Qe2 Ng6 37. Qb2+ Kc8 38. Qb5 Qe6 39. Bh2 Qd7 40. Qc4 Qe6
41. Qb5 Bd4 42. a6 Bb6 43. Qa4 Kb8 44. Qb5 Ka7 45. Qa4 Qf6 46. Qc2 Nf4+ 47. Kf1
Nxh3 48. d4 Bxd4 49. Qxc7+ Kxa6 50. Qc4+ Kb7 51. Qb3+ Kc8 52. Qxh3+ Kd8 53. f3
Qg5 54. Qg2 Qc1+ 55. Ke2 Qc2+ 56. Kf1 Qd1# 0-1

[Event "Mondiale Lampo FIDE 2017"]
[Site "Riyadh"]
[Date "29.12.2017"]
[Round "10.38"]
[White "Quparadze, Giga"]
[Black "Ponkratov, Pavel"]
[Result "1-0"]
[WhiteTitle "GM"]
[BlackTitle "GM"]
[WhiteElo "2506"]
[BlackElo "2613"]
[WhiteFideId "13602250"]
[BlackFideId "4157800"]
[EventDate "2017.12.29"]

1. e4 g6 2. d4 Bg7 3. Nc3 d5 4. exd5 Nf6 5. Nf3 O-O 6. Bc4 Nbd7 7. O-O Nb6 8.
Bb3 a5 9. a4 Nbxd5 10. Nxd5 Nxd5 11. c3 Qd6 12. Re1 b6 13. Bxd5 Qxd5 14. Rxe7 c5
15. Bf4 Bg4 16. dxc5 Qxc5 17. Bd6 Qh5 18. h3 Bxh3 19. gxh3 Rfd8 20. Rxf7 Qxh3
21. Qb3 Kh8 22. Bg3 Rf8 23. Ng5 1-0

[Event "Mondiale Lampo FIDE 2017"]
[Site "Riyadh"]
[Date "29.12.2017"]
[Round "10.39"]
[White "Meier, Georg"]
[Black "Alekseev, Evgeny"]
[Result "1/2-1/2"]
[WhiteTitle "GM"]
[BlackTitle "GM"]
[WhiteElo "2650"]
[BlackElo "2616"]
[WhiteFideId "4675789"]
[BlackFideId "4138147"]
[EventDate "2017.12.29"]

1. Nf3 c5 2. c4 Nc6 3. Nc3 g6 4. g3 Bg7 5. Bg2 d6 6. d3 e6 7. a3 Nge7 8. Bd2 b6
9. b4 Bb7 10. Rb1 Qd7 11. O-O O-O 12. e3 h6 13. Qc2 Rac8 14. Rfd1 Rfd8 15. Ne2
Ne5 16. e4 Nxf3+ 17. Bxf3 Nc6 18. Bg2 Rf8 19. Be3 Nd4 20. Qd2 Kh7 21. f4 f5 22.
Bf2 e5 23. Nxd4 cxd4 24. Re1 fxe4 25. Bxe4 exf4 26. gxf4 h5 27. Bg3 d5 28. cxd5
Bxd5 29. Qg2 Bxe4 30. Rxe4 Rc3 31. Rbe1 Qf5 32. Qe2 Rf7 33. Kg2 Bf6 34. h3 Rxa3
35. Rc1 Rc3 36. Ra1 Rfc7 37. Ra2 Rf7 38. Bf2 Rd7 39. Ra1 Rcc7 40. Ra2 a5 41.
bxa5 bxa5 42. Re6 Rf7 43. Qe4 Rc5 44. Ra6 Rb5 45. Qxf5 Rxf5 46. Bg3 h4 47. Bh2
Bd8 48. Rd6 Bc7 49. Rxd4 Bxf4 50. Bxf4 Rxf4 1/2-1/2

[Event "Mondiale Lampo FIDE 2017"]
[Site "Riyadh"]
[Date "29.12.2017"]
[Round "10.40"]
[White "Jumabayev, Rinat"]
[Black "Nguyen, Ngoc Truong Son"]
[Result "1/2-1/2"]
[WhiteTitle "GM"]
[BlackTitle "GM"]
[WhiteElo "2612"]
[BlackElo "2630"]
[WhiteFideId "13702661"]
[BlackFideId "12401110"]
[EventDate "2017.12.29"]

1. e4 e5 2. Nf3 Nf6 3. Nxe5 d6 4. Nf3 Nxe4 5. d4 d5 6. Bd3 Nc6 7. O-O Be7 8. Re1
Bg4 9. c3 f5 10. Nbd2 O-O 11. Qb3 Na5 12. Qa4 Nc6 13. Qb3 Na5 14. Qa4 Nc6 15.
Qb3 Na5 16. Qa4 Nc6 17. Qb3 1/2-1/2

[Event "Mondiale Lampo FIDE 2017"]
[Site "Riyadh"]
[Date "29.12.2017"]
[Round "10.41"]
[White "Naiditsch, Arkadij"]
[Black "Ni, Hua"]
[Result "0-1"]
[WhiteTitle "GM"]
[BlackTitle "GM"]
[WhiteElo "2705"]
[BlackElo "2671"]
[WhiteFideId "4650891"]
[BlackFideId "8601160"]
[EventDate "2017.12.29"]

1. d4 Nf6 2. Bf4 d5 3. e3 Bf5 4. c4 e6 5. Nc3 Bb4 6. Qb3 Nc6 7. a3 Bxc3+ 8. Qxc3
O-O 9. f3 Re8 10. g4 Bg6 11. h4 h5 12. g5 Nd7 13. cxd5 exd5 14. Ne2 Rc8 15. Bg3
Ne7 16. Nf4 Nf5 17. Bf2 c5 18. Nxg6 cxd4 19. Qb4 fxg6 20. Bd3 dxe3 21. Bg1 Ne5
22. Bxf5 gxf5 23. Rd1 Rc2 24. Rh3 e2 25. Rd2 Rc1+ 0-1

[Event "Mondiale Lampo FIDE 2017"]
[Site "Riyadh"]
[Date "29.12.2017"]
[Round "10.42"]
[White "Ivanchuk, Vassily"]
[Black "Dzhumagaliev, Yan"]
[Result "1/2-1/2"]
[WhiteTitle "GM"]
[BlackTitle "FM"]
[WhiteElo "2726"]
[BlackElo "2400"]
[WhiteFideId "14100010"]
[BlackFideId "24100110"]
[EventDate "2017.12.29"]

1. d4 Nf6 2. c4 e6 3. Nc3 Bb4 4. a3 Bxc3+ 5. bxc3 Nc6 6. f3 e5 7. e4 d6 8. Ne2
O-O 9. Ng3 Re8 10. Be2 b6 11. O-O h6 12. Be3 Na5 13. Rf2 Be6 14. Qf1 c5 15. d5
Bc8 16. f4 Nd7 17. Nf5 exf4 18. Bxf4 Ne5 19. Ne3 f6 20. Bh5 Re7 21. Be2 Bd7 22.
Nf5 Bxf5 23. exf5 Qd7 24. Bg3 Rae8 25. a4 Qb7 26. h3 Qd7 27. Kh2 Nb3 28. Ra2 Na5
29. Rf4 Nf7 30. Bh5 Re3 31. Rf3 R3e4 32. Rf4 Re3 33. Rf3 R3e4 34. Rf4 Re3 35.
Rf3 R8e4 36. Rf4 Re2 37. Bxe2 Re8 38. Bh5 Re3 39. Rg4 Re7 40. Rf4 Re8 41. Rf3 1/2-1/2

[Event "Mondiale Lampo FIDE 2017"]
[Site "Riyadh"]
[Date "29.12.2017"]
[Round "10.43"]
[White "Laznicka, Viktor"]
[Black "Halkias, Stelios"]
[Result "1-0"]
[WhiteTitle "GM"]
[BlackTitle "GM"]
[WhiteElo "2647"]
[BlackElo "2571"]
[WhiteFideId "316385"]
[BlackFideId "4201809"]
[EventDate "2017.12.29"]

1. c4 Nf6 2. Nf3 e6 3. b3 d5 4. Bb2 Be7 5. e3 a5 6. Be2 O-O 7. O-O a4 8. bxa4
Na6 9. d4 b6 10. Nc3 dxc4 11. Bxc4 Bb7 12. Qe2 Nb4 13. e4 c5 14. Rfd1 cxd4 15.
Nxd4 Qb8 16. Bb5 Rc8 17. Rac1 Qf4 18. f3 Bc5 19. Kh1 Qh4 20. g3 Qh5 21. Nb3 Be7
22. a3 Na6 23. Kg2 Nc5 24. Nxc5 Rxc5 25. Nb1 Qg6 26. Rxc5 Bxc5 27. Nd2 h5 28.
Nc4 h4 29. Ne5 Qg5 30. Qd2 Be3 31. Qd8+ Rxd8 32. Rxd8+ Kh7 33. Nxf7 h3+ 34. Kf1
Nxe4 35. Nxg5+ Nxg5 36. Bd3+ 1-0

[Event "Mondiale Lampo FIDE 2017"]
[Site "Riyadh"]
[Date "29.12.2017"]
[Round "10.44"]
[White "Al-Sayed, Mohammed"]
[Black "Vallejo Pons, Francisco"]
[Result "0-1"]
[WhiteTitle "GM"]
[BlackTitle "GM"]
[WhiteElo "2511"]
[BlackElo "2707"]
[WhiteFideId "12100196"]
[BlackFideId "2205530"]
[EventDate "2017.12.29"]

1. d4 d5 2. Bf4 e6 3. e3 Bd6 4. Bg3 Nf6 5. Nd2 c5 6. c3 Qc7 7. Ngf3 Nbd7 8. Bd3
O-O 9. O-O e5 10. dxe5 Nxe5 11. Nxe5 Bxe5 12. e4 Bxg3 13. hxg3 Bg4 14. Qc2 c4
15. exd5 cxd3 16. Qxd3 b5 17. Qxb5 Rab8 18. Qd3 Rxb2 19. c4 Bf5 20. Qd4 Qb6 21.
c5 Rxd2 22. Qxd2 Qxc5 23. Rfd1 Rd8 24. Rac1 Qb5 25. d6 Be6 26. Qd4 Qa6 27. Rc7
h6 28. Rxa7 Qe2 29. a4 Ne4 30. Rf1 Rxd6 31. Qe5 Rd5 32. Qf4 Rf5 33. Qe3 Rxf2 34.
Qxe2 Rxe2 35. a5 Ra2 36. a6 Nxg3 37. Re1 h5 38. Ra8+ Kh7 39. Re5 h4 40. a7 g6
41. Re3 Bd5 42. Rd8 Rxg2# 0-1

[Event "Mondiale Lampo FIDE 2017"]
[Site "Riyadh"]
[Date "29.12.2017"]
[Round "10.45"]
[White "Bocharov, Dmitry"]
[Black "Malakhatko, Vadim"]
[Result "1-0"]
[WhiteTitle "GM"]
[BlackTitle "GM"]
[WhiteElo "2583"]
[BlackElo "2542"]
[WhiteFideId "4138716"]
[BlackFideId "14104202"]
[EventDate "2017.12.29"]

1. c4 c6 2. Nf3 d5 3. e3 Nf6 4. Nc3 a6 5. h3 e6 6. b3 c5 7. Bb2 Nc6 8. cxd5 exd5
9. d4 Be6 10. Rc1 cxd4 11. Nxd4 Nxd4 12. Qxd4 Rc8 13. Bd3 Bc5 14. Qa4+ Bd7 15.
Qh4 Be7 16. O-O Be6 17. Rfd1 h6 18. Ne2 O-O 19. Nf4 Rxc1 20. Rxc1 Ne4 21. Qh5
Bf6 22. Bxf6 Nxf6 23. Qe5 Qa5 24. Nxe6 fxe6 25. Qxe6+ Kh8 26. Rc8 Rd8 27. b4 1-0

[Event "Mondiale Lampo FIDE 2017"]
[Site "Riyadh"]
[Date "29.12.2017"]
[Round "10.46"]
[White "Sanal, Vahap"]
[Black "Volokitin, Andrei"]
[Result "1-0"]
[WhiteTitle "GM"]
[BlackTitle "GM"]
[WhiteElo "2551"]
[BlackElo "2628"]
[WhiteFideId "6300545"]
[BlackFideId "14107090"]
[EventDate "2017.12.29"]

1. e4 c5 2. Nf3 d6 3. Bb5+ Nd7 4. d4 cxd4 5. Qxd4 a6 6. Bxd7+ Bxd7 7. c4 Nf6 8.
Nc3 e6 9. O-O Be7 10. e5 dxe5 11. Nxe5 O-O 12. Rd1 Be8 13. Be3 Qc7 14. Bf4 Bc5
15. Qd2 Nh5 16. Ne4 Nxf4 17. Qxf4 Be7 18. Qg3 Rc8 19. Rac1 f6 20. Nd3 Qxg3 21.
hxg3 Bg6 22. Re1 e5 23. Rc3 Rfd8 24. f3 b5 25. c5 Rd4 26. a3 f5 27. Nef2 e4 28.
fxe4 fxe4 29. Nf4 Bxc5 30. Kh2 Rd6 31. b4 Bxf2 32. Rxc8+ Kf7 33. Rc7+ Kf6 34.
Rf1 e3 35. Rc5 Rd2 36. Nd5+ Ke6 37. Nf4+ Kd6 38. Rc8 Kd7 39. Rg8 e2 40. Nxe2
Rxe2 41. Rxg7+ Kc6 42. Rc1+ Kb6 43. Rgc7 Be4 44. Re7 Bd4 45. Rd1 Bc3 46. Rd6+ 1-0

[Event "Mondiale Lampo FIDE 2017"]
[Site "Riyadh"]
[Date "29.12.2017"]
[Round "10.47"]
[White "Abdyjapar, Asyl"]
[Black "Moiseenko, Alexander"]
[Result "1/2-1/2"]
[WhiteTitle "IM"]
[BlackTitle "GM"]
[WhiteElo "2382"]
[BlackElo "2667"]
[WhiteFideId "13800337"]
[BlackFideId "14102560"]
[EventDate "2017.12.29"]

1. d4 Nf6 2. c4 e6 3. Nf3 Bb4+ 4. Bd2 c5 5. Nc3 cxd4 6. Nxd4 O-O 7. e3 Nc6 8. a3
Be7 9. Be2 Nxd4 10. exd4 d5 11. c5 Ne4 12. O-O b6 13. b4 Nxd2 14. Qxd2 bxc5 15.
dxc5 d4 16. Ne4 e5 17. Bc4 Bb7 18. Rfe1 Kh8 19. f3 f5 20. Nf2 Bg5 21. Qd3 Be3
22. Rxe3 dxe3 23. Qxe3 Qc7 24. Re1 Rae8 25. b5 h6 26. c6 Bc8 27. a4 Re7 28. h4
e4 29. fxe4 fxe4 30. Be2 Bf5 31. Rc1 Bg6 32. h5 Bf5 33. Rc5 Bh7 34. Rc3 Qe5 35.
Qc5 e3 36. Nh3 Qf6 37. c7 Bf5 38. Nf4 Kh7 39. a5 Re5 40. Qd4 Bc8 41. Bd3+ Kg8
42. Bc4+ Kh7 43. Bd3+ Kg8 44. Bc4+ 1/2-1/2

[Event "Mondiale Lampo FIDE 2017"]
[Site "Riyadh"]
[Date "29.12.2017"]
[Round "10.48"]
[White "Shytaj, Luca"]
[Black "Salgado Lopez, Ivan"]
[Result "0-1"]
[WhiteTitle "IM"]
[BlackTitle "GM"]
[WhiteElo "2459"]
[BlackElo "2644"]
[WhiteFideId "812633"]
[BlackFideId "2257327"]
[EventDate "2017.12.29"]

1. e4 c6 2. d4 d5 3. exd5 cxd5 4. c4 Nf6 5. Nc3 g6 6. Nf3 Bg7 7. cxd5 O-O 8. Bc4
Nbd7 9. Bb3 Nb6 10. O-O Nbxd5 11. Bg5 Nxc3 12. bxc3 Ne4 13. Bh4 Nxc3 14. Qe1 Nd5
15. Ne5 Be6 16. Rc1 Rc8 17. Qe4 Nc3 18. Rxc3 Rxc3 19. Bxe6 fxe6 20. Qxb7 Qxd4
21. Nc6 Qxh4 0-1

[Event "Mondiale Lampo FIDE 2017"]
[Site "Riyadh"]
[Date "29.12.2017"]
[Round "10.49"]
[White "Saeed, Ishaq"]
[Black "Zhao, Jun"]
[Result "0-1"]
[WhiteTitle "FM"]
[BlackTitle "GM"]
[WhiteElo "2434"]
[BlackElo "2604"]
[WhiteFideId "9301453"]
[BlackFideId "8602522"]
[EventDate "2017.12.29"]

1. d4 Nf6 2. c4 g6 3. Nc3 Bg7 4. e4 O-O 5. f3 d6 6. Be3 c6 7. Bd3 a6 8. Nge2 b5
9. Qd2 Nbd7 10. O-O Bb7 11. Rac1 e5 12. d5 b4 13. Nd1 a5 14. Nf2 c5 15. a4 Ne8
16. g4 Bc8 17. Ng3 Nb6 18. b3 Bd7 19. h4 Qxh4 20. Kg2 Qe7 21. Rh1 f6 22. Bc2 Rf7
23. Rh2 Bf8 24. Rch1 Ra7 25. Kf1 Bc8 26. Ke2 Qd8 27. Qe1 Bd7 28. Kd3 Bc8 29. Qf1
Qd7 30. Kd2 Ba6 31. Rh3 Bc8 32. R1h2 Ba6 33. Kc1 Rb7 34. Kb2 Rb8 35. Bd2 Rb7 36.
Nd1 Bxc4 37. bxc4 Nxa4+ 38. Bxa4 Qxa4 39. Qd3 Qxd1 40. Rh1 Qa4 41. Ra1 Qd7 42.
g5 Qxh3 43. f4 exf4 44. Bxf4 fxg5 45. Bxg5 Bg7+ 46. Kb3 Bxa1 47. e5 Bxe5 48. Ka4
Qxg3 0-1

[Event "Mondiale Lampo FIDE 2017"]
[Site "Riyadh"]
[Date "29.12.2017"]
[Round "10.50"]
[White "Dervishi, Erald"]
[Black "Tregubov, Pavel V."]
[Result "0-1"]
[WhiteTitle "GM"]
[BlackTitle "GM"]
[WhiteElo "2552"]
[BlackElo "2575"]
[WhiteFideId "4700236"]
[BlackFideId "4115341"]
[EventDate "2017.12.29"]

1. e4 c5 2. Nf3 e6 3. d4 cxd4 4. Nxd4 Nc6 5. Nc3 Nf6 6. Be2 Bb4 7. f3 d5 8. Nxc6
bxc6 9. O-O O-O 10. Bd3 Bb7 11. Kh1 Be7 12. e5 Nd7 13. f4 Nc5 14. Be2 a5 15. Be3
Ba6 16. f5 exf5 17. Rxf5 Qd7 18. Bg4 Ne6 19. Ne2 Qb7 20. b3 Bc5 21. Bxc5 Nxc5
22. Ng3 g6 23. Rf2 Rae8 24. Qd4 Qb4 25. c3 Qxd4 26. cxd4 Ne6 27. Bxe6 Rxe6 28.
Rc1 f6 29. exf6 Rfxf6 30. Rxf6 Rxf6 31. Kg1 a4 32. h3 axb3 33. axb3 Bb5 34. Nh1
Rf4 35. Rd1 Re4 36. Nf2 Re3 37. Ng4 Rxb3 38. Re1 Kf8 39. Re6 Rd3 40. Rd6 Rxd4
41. Rd7 Rf4 42. Rxh7 d4 43. Ne5 Ke8 44. Nxg6 Rf1+ 45. Kh2 d3 46. Re7+ Kd8 47.
Re4 c5 48. Re5 Bc4 49. Rxc5 d2 50. Rxc4 d1=Q 51. Nf4 Qe1 52. Rd4+ Ke8 53. g4
Qf2+ 54. Ng2 Qxd4 0-1

[Event "Mondiale Lampo FIDE 2017"]
[Site "Riyadh"]
[Date "29.12.2017"]
[Round "10.51"]
[White "Safarli, Eltaj"]
[Black "Al-Saffar, Araz Basim Mohammed S"]
[Result "1-0"]
[WhiteTitle "GM"]
[BlackTitle "IM"]
[WhiteElo "2639"]
[BlackElo "2368"]
[WhiteFideId "13402129"]
[BlackFideId "4801040"]
[EventDate "2017.12.29"]

1. e4 e5 2. Nf3 Nf6 3. Nc3 Bb4 4. Nxe5 O-O 5. Be2 Re8 6. Nd3 Bxc3 7. dxc3 Nxe4
8. Nf4 d6 9. O-O Nc6 10. c4 Bf5 11. f3 Nc5 12. Rf2 Qd7 13. b3 Ne6 14. Bf1 Nxf4
15. Bxf4 Re7 16. Qd2 Rae8 17. Rd1 b6 18. Qc3 h6 19. b4 Qe6 20. a3 g5 21. Bc1 Qe5
22. Qd2 a5 23. f4 gxf4 24. Rxf4 Bg6 25. h3 axb4 26. axb4 Qg5 27. Qf2 Qe5 28. Bd2
Bxc2 29. Re1 Qh5 30. Rxe7 Rxe7 31. Rg4+ Bg6 32. Bc3 Ne5 33. Qf6 Re6 34. Qd8+ Kh7
35. Rg3 c5 36. Qxb6 cxb4 37. Qxb4 Qh4 38. Re3 Qf4 39. Bd2 Qd4 40. Kh1 Nxc4 41.
Rxe6 fxe6 42. Bxc4 Qa1+ 43. Be1 Qe5 44. Bf2 Be4 45. Qd2 d5 46. Bd3 Qa1+ 47. Kh2
Qe5+ 48. Bg3 Qf5 49. Bxe4 Qxe4 50. Qf4 Qxf4 51. Bxf4 Kg6 52. g4 h5 53. Kg3 hxg4
54. Kxg4 d4 55. h4 d3 56. h5+ Kf6 57. h6 Kg6 58. Kf3 e5 59. Bd2 Kh7 60. Ke4 Kg6
61. Kxe5 1-0

[Event "Mondiale Lampo FIDE 2017"]
[Site "Riyadh"]
[Date "29.12.2017"]
[Round "10.52"]
[White "Almasi, Zoltan"]
[Black "Miton, Kamil"]
[Result "1-0"]
[WhiteTitle "GM"]
[BlackTitle "GM"]
[WhiteElo "2682"]
[BlackElo "2584"]
[WhiteFideId "702293"]
[BlackFideId "1111914"]
[EventDate "2017.12.29"]

1. Nf3 Nf6 2. g3 g6 3. c4 Bg7 4. Bg2 O-O 5. O-O d6 6. Nc3 Nc6 7. d4 Bg4 8. h3
Bxf3 9. Bxf3 Nd7 10. e3 e5 11. dxe5 Ndxe5 12. Be2 Na5 13. Qa4 Nac6 14. Nd5 Nd7
15. Qc2 a5 16. Rb1 Nc5 17. Bd2 Re8 18. Bf3 Ne7 19. b3 c6 20. Nc3 h5 21. Rfd1 Qd7
22. Bg2 Nf5 23. a3 Qe6 24. b4 axb4 25. axb4 Nd7 26. Ne2 Ne5 27. Rdc1 Ne7 28. b5
Qc8 29. bxc6 bxc6 30. Nd4 Qc7 31. Rb3 Nd7 32. Rbb1 Nc5 33. Bb4 Rab8 34. Bd2 Ra8
35. Rb2 Reb8 36. Rcb1 Rxb2 37. Qxb2 Rc8 38. Qb6 Ne6 39. Nxe6 Qxb6 40. Rxb6 fxe6
41. Rb7 Bf6 42. g4 hxg4 43. hxg4 d5 44. f4 g5 45. cxd5 cxd5 46. Bb4 Nc6 47. f5
Nxb4 48. Rxb4 exf5 49. Bxd5+ Kg7 50. Rb7+ Kh6 51. gxf5 Rc2 52. Rb6 Kg7 53. Bf3
Kf7 54. Kf1 Kg7 55. Bh5 Rb2 56. Ra6 Be5 57. Rg6+ Kf7 58. Re6+ 1-0

[Event "Mondiale Lampo FIDE 2017"]
[Site "Riyadh"]
[Date "29.12.2017"]
[Round "10.53"]
[White "Ganguly, Surya Shekhar"]
[Black "Al-Modiahki, Mohamad"]
[Result "1-0"]
[WhiteTitle "GM"]
[BlackTitle "GM"]
[WhiteElo "2650"]
[BlackElo "2542"]
[WhiteFideId "5002150"]
[BlackFideId "12100030"]
[EventDate "2017.12.29"]

1. c4 Nf6 2. Nc3 g6 3. e4 d6 4. d4 Bg7 5. Be2 O-O 6. Be3 e5 7. d5 a5 8. g4 Nfd7
9. h4 f5 10. f3 fxg4 11. fxg4 Nc5 12. Qd2 Nba6 13. h5 Qf6 14. Nh3 Qh4+ 15. Bf2
Qf6 16. O-O-O gxh5 17. Rdf1 Qe7 18. gxh5 Bxh3 19. Rxh3 Kh8 20. h6 Bf6 21. Be3 a4
22. Kb1 a3 23. b3 Bh4 24. Rfh1 Bf2 25. Bg5 Qd7 26. Rf3 Bd4 27. Rhf1 Rf4 28. Rxf4 1-0

[Event "Mondiale Lampo FIDE 2017"]
[Site "Riyadh"]
[Date "29.12.2017"]
[Round "10.54"]
[White "Ibrahimov, Rasul"]
[Black "Mchedlishvili, Mikheil"]
[Result "0-1"]
[WhiteTitle "GM"]
[BlackTitle "GM"]
[WhiteElo "2518"]
[BlackElo "2603"]
[WhiteFideId "13400495"]
[BlackFideId "13600966"]
[EventDate "2017.12.29"]

1. d4 d6 2. c4 g6 3. Nc3 Bg7 4. Nf3 c5 5. e4 Nc6 6. d5 Nd4 7. h3 e5 8. dxe6 fxe6
9. Bd3 Ne7 10. Nxd4 cxd4 11. Ne2 O-O 12. O-O b6 13. f4 Bb7 14. g4 Qc7 15. Bd2
Rf7 16. Rc1 Raf8 17. Ng3 Nc6 18. Kh2 Bh6 19. g5 Bg7 20. Qg4 Bc8 21. Qe2 Qd8 22.
h4 Qd7 23. Rf2 Ne5 24. Rcf1 Nxd3 25. Qxd3 Bb7 26. h5 Qc8 27. b4 a6 28. a4 Qd7
29. b5 axb5 30. axb5 Ra8 31. hxg6 hxg6 32. e5 Rf5 33. Nxf5 exf5 34. exd6 Be4 35.
Qb3 Qe6 36. Bb4 Kf7 37. Ra2 Rh8+ 38. Kg3 Bb7 39. Re1 Be4 40. Ra7+ Kg8 41. Qa2
Bf8 42. c5 Qxa2 43. Rxa2 bxc5 44. Bxc5 Kf7 45. d7 Bxc5 46. Ra6 Be7 47. Rc1 Rd8
48. Ra7 Ke6 49. Rcc7 Bd6 50. b6 d3 51. Kf2 Bxf4 52. Ke1 d2+ 53. Ke2 Bxc7 54.
bxc7 Rxd7 55. Ra6+ Ke7 0-1

[Event "Mondiale Lampo FIDE 2017"]
[Site "Riyadh"]
[Date "29.12.2017"]
[Round "10.55"]
[White "Dobrov, Vladimir"]
[Black "Kovalev, Vladislav"]
[Result "1-0"]
[WhiteTitle "GM"]
[BlackTitle "GM"]
[WhiteElo "2515"]
[BlackElo "2639"]
[WhiteFideId "4136594"]
[BlackFideId "13504398"]
[EventDate "2017.12.29"]

1. d4 Nf6 2. c4 g6 3. Nc3 Bg7 4. e4 d6 5. Nge2 O-O 6. Ng3 c5 7. d5 e6 8. Be2
exd5 9. exd5 h5 10. Bg5 Qb6 11. Qd2 Nh7 12. Be3 Nd7 13. O-O f5 14. Rfe1 Ne5 15.
h3 Bd7 16. f4 Nf7 17. Bf3 Qb4 18. Be2 Rfe8 19. Bf2 Nf6 20. a3 Qa5 21. Bd3 a6 22.
Rab1 Qc7 23. b4 b6 24. Nf1 Bh6 25. Nh2 Ne5 26. bxc5 bxc5 27. Bf1 Qa5 28. Bh4 Nh7
29. Rb3 Nf7 30. Rxe8+ Rxe8 31. Nf3 Bg7 32. Be1 Nf6 33. Qb2 Ne4 34. Nxe4 Qxe1 35.
Nf6+ Bxf6 36. Qxf6 Qe7 37. Qxg6+ Kf8 38. Qxh5 Qf6 39. Ng5 Nxg5 40. fxg5 Qd4+ 41.
Kh1 1-0